Los derechos humanos y el sistema interamericano
Gorde:
| Egile nagusia: | |
|---|---|
| Erakunde egilea: | |
| Formatua: | Liburua |
| Hizkuntza: | gaztelania |
| Argitaratua: |
Madrid
Cultura Hispánica
1972
|
| Saila: | Monografías Jurídicas
|
| Gaiak: | |
| Etiketak: |
Etiketa erantsi
Etiketarik gabe, Izan zaitez lehena erregistro honi etiketa jartzen!
|
MARC
| LEADER | 00000nam a2200000 a 4500 | ||
|---|---|---|---|
| 001 | UCT9165 | ||
| 003 | CL-VaPUC | ||
| 008 | 970404e19720000SP |||||||||||||||||spa|d | ||
| 082 | 0 | 4 | |a 341.481 |b URI |2 21 |
| 100 | 0 | |a Uribe Vargas, Diego |e author |9 381611 | |
| 110 | 2 | |a Centro de Estudios Jurídicos Hispanoamericanos |e author |9 381612 | |
| 245 | 1 | 4 | |a Los derechos humanos y el sistema interamericano |
| 300 | |a 359 p | ||
| 942 | |c BK | ||
| 945 | |d 19970404 00:00:00 |a cmena | ||
| 260 | |a Madrid |b Cultura Hispánica |c 1972 | ||
| 650 | 0 | |a Derechos humanos |9 223025 | |
| 650 | 0 | |a Tratados internacionales |9 256056 | |
| 650 | 0 | |a Soberanía |9 266726 | |
| 650 | 0 | |a Derechos y priviliegios |9 338404 | |
| 583 | |a last modification |c 19970404 00:00:00 |k Rodrigo Vera | ||
| 490 | 0 | |a Monografías Jurídicas | |
| 999 | |c 257585 |d 257583 | ||
| 952 | |0 0 |1 0 |4 0 |6 341_481000000000000_URI_1972 |7 0 |8 A |9 281123 |a BIBDER |b BIBDER |d 2019-11-19 |i 1823612 |o 341.481 URI 1972 |p 1823612 |r 2023-01-25 |w 2019-11-19 |y BK |k DER | ||